Sports Quiz

Random Sports or Basketball Quiz

Indiana Pacers All-Time Leaders Quiz Stats

 Plays Quiz Updated Apr 16, 2018

Challenge
Share
Tweet
Embed
Score 0/50 Timer 06:00
5 Plays Today
Hint Answer % Correct
PointsReggie Miller
95.3%
ReboundsReggie Miller
95.3%
AssistsReggie Miller
95.3%
StealsReggie Miller
95.3%
StealsPaul George
89.2%
PointsRik Smits
68%
ReboundsRik Smits
68%
BlocksRik Smits
68%
AssistsMark Jackson
66.8%
BlocksRoy Hibbert
58%
PointsJermaine O'Neal
57.5%
BlocksJermaine O'Neal
57.5%
PointsDanny Granger
57.1%
StealsDanny Granger
57.1%
BlocksDanny Granger
57.1%
ReboundsDale Davis
54.4%
BlocksDale Davis
54.4%
ReboundsJermaine O'Neal
40.1%
BlocksClemon Johnson
35.6%
AssistsJamaal Tinsley
33.6%
StealsJamaal Tinsley
33.6%
BlocksHerb Williams
30.5%
ReboundsBob Netolicky
29.2%
AssistsChuck Person
25.7%
PointsRoger Brown
24.6%
Hint Answer % Correct
AssistsRoger Brown
24.6%
ReboundsGeorge McGinnis
22.9%
ReboundsJeff Foster
22.5%
StealsJeff Foster
22.5%
PointsGeorge McGinnis
21.5%
StealsGeorge McGinnis
21.5%
PointsMel Daniels
19%
ReboundsMel Daniels
19%
AssistsTravis Best
17.9%
ReboundsHerb Williams
17.3%
StealsDerrick McKey
16.3%
PointsVern Fleming
15.6%
AssistsVern Fleming
15.6%
StealsVern Fleming
15.6%
PointsBilly Knight
14%
StealsBilly Knight
14%
PointsFreddie Lewis
11%
AssistsFreddie Lewis
11%
AssistsDon Buse
9.7%
StealsDon Buse
9.7%
BlocksJames Edwards
6.1%
AssistsBill Keller
5.5%
ReboundsDarnell Hillman
5.3%
BlocksDarnell Hillman
5.3%
BlocksLen Elmore
3.5%

You're not logged in!

Compare scores with friends on all Sporcle quizzes.
OR
Log In

You Might Also Like...

Show Comments

Extras

Top Quizzes Today


Score Distribution

Your Account Isn't Verified!

In order to create a playlist on Sporcle, you need to verify the email address you used during registration. Go to your Sporcle Settings to finish the process.

Report this User

Report this user for behavior that violates our Community Guidelines.

Details: